<?xml version="1.0" encoding="UTF-8"?>
<record
    xmlns:xsi="http://www.w3.org/2001/XMLSchema-instance"
    xsi:schemaLocation="http://www.loc.gov/MARC21/slim http://www.loc.gov/standards/marcxml/schema/MARC21slim.xsd"
    xmlns="http://www.loc.gov/MARC21/slim">

  <leader>01479nam a22002777a 4500</leader>
  <controlfield tag="001">114132</controlfield>
  <controlfield tag="003">DR-UNIBE</controlfield>
  <controlfield tag="005">20251002112258.0</controlfield>
  <controlfield tag="008">251002b2021    mx ||||| |||| 00| 0 spa d</controlfield>
  <datafield tag="020" ind1=" " ind2=" ">
    <subfield code="a">9786075521893</subfield>
  </datafield>
  <datafield tag="040" ind1=" " ind2=" ">
    <subfield code="a">BIBLIOTECA UNIBE</subfield>
    <subfield code="c">BIBLIOTECA UNIBE</subfield>
    <subfield code="b">spa</subfield>
    <subfield code="e">rda</subfield>
  </datafield>
  <datafield tag="041" ind1=" " ind2=" ">
    <subfield code="a">spa</subfield>
  </datafield>
  <datafield tag="082" ind1=" " ind2=" ">
    <subfield code="a">341.762 A634j 2022</subfield>
  </datafield>
  <datafield tag="245" ind1="1" ind2="0">
    <subfield code="a">Antolog&#xED;a judicial ambiental II :</subfield>
    <subfield code="b">el cambio clim&#xE1;tico en los tribunales : desarrollos y tendencias sobre justicia clim&#xE1;tica en el derecho comparado</subfield>
  </datafield>
  <datafield tag="260" ind1=" " ind2=" ">
    <subfield code="a">M&#xE9;xico : </subfield>
    <subfield code="b">Suprema Corte de Justicia de la Naci&#xF3;n : </subfield>
    <subfield code="b">Centro de Estudios  Constitucionales (SCJN),</subfield>
    <subfield code="c">2021</subfield>
  </datafield>
  <datafield tag="300" ind1=" " ind2=" ">
    <subfield code="a">xliv, 261  p&#xE1;ginas</subfield>
  </datafield>
  <datafield tag="505" ind1=" " ind2=" ">
    <subfield code="a">I.	Desarrollos en la jurisprudencia constitucional comparada sobre el cambio clim&#xE1;tico y su impacto en los derechos humanos |
II.	Desarrollos jurisprudenciales en el cambio clim&#xE1;tico, la ciencia y los principios de prevenci&#xF3;n y precauci&#xF3;n |
III.	El litigio clim&#xE1;tico y las decisiones de inversi&#xF3;n para el desarrollo |
IV.	Ensayos y opiniones sobre temas emergentes en la justicia ambiental y clim&#xE1;tica |
</subfield>
  </datafield>
  <datafield tag="650" ind1=" " ind2="7">
    <subfield code="2">lemb</subfield>
    <subfield code="a">Biodiversidad</subfield>
    <subfield code="x">Legislaci&#xF3;n</subfield>
    <subfield code="9">199536</subfield>
  </datafield>
  <datafield tag="650" ind1=" " ind2="7">
    <subfield code="2">lemb</subfield>
    <subfield code="a">Medio ambiente</subfield>
    <subfield code="x">Legislaci&#xF3;n</subfield>
    <subfield code="9">22210</subfield>
  </datafield>
  <datafield tag="650" ind1=" " ind2="7">
    <subfield code="2">lemb</subfield>
    <subfield code="a">Jurisprudencia </subfield>
  </datafield>
  <datafield tag="650" ind1=" " ind2="7">
    <subfield code="2">lemb</subfield>
    <subfield code="a">Protecci&#xF3;n del medio ambiente </subfield>
  </datafield>
  <datafield tag="650" ind1=" " ind2="7">
    <subfield code="2">lemb</subfield>
    <subfield code="a">Contaminaci&#xF3;n</subfield>
  </datafield>
  <datafield tag="700" ind1=" " ind2=" ">
    <subfield code="a">Rabasa Salinas, Alejandra</subfield>
    <subfield code="e">coodinador</subfield>
    <subfield code="9">199202</subfield>
  </datafield>
  <datafield tag="700" ind1=" " ind2=" ">
    <subfield code="a">De Windt Vicente, Claudia S.</subfield>
    <subfield code="e">coodinador</subfield>
    <subfield code="9">71275</subfield>
  </datafield>
  <datafield tag="942" ind1=" " ind2=" ">
    <subfield code="2">ddc</subfield>
    <subfield code="c">BK</subfield>
  </datafield>
  <datafield tag="999" ind1=" " ind2=" ">
    <subfield code="c">114132</subfield>
    <subfield code="d">114132</subfield>
  </datafield>
  <datafield tag="952" ind1=" " ind2=" ">
    <subfield code="0">0</subfield>
    <subfield code="1">0</subfield>
    <subfield code="2">ddc</subfield>
    <subfield code="7">0</subfield>
    <subfield code="8">GEN</subfield>
    <subfield code="a">Principal</subfield>
    <subfield code="d">2025-10-02</subfield>
    <subfield code="l">0</subfield>
    <subfield code="o">341.762 A634j 2022</subfield>
    <subfield code="p">250994</subfield>
    <subfield code="r">2025-10-02 11:23:30</subfield>
    <subfield code="t">Ej. 1</subfield>
    <subfield code="w">2025-10-02</subfield>
    <subfield code="y">BK</subfield>
  </datafield>
</record>
